01521 a2200169 45000010006000000050017000060080041000230030015000640400040000790800035001192450066001542640075002203000023002955050993003180410008013111000032013195425820260407155813.0260407a1981 arg spa dAR-UNSa-BCEJYS aAR-UNSa-BCEJYSbspacAR-UNSa-BCEJYS a330.34xDesarrollo Económico10aEl social capitalismo o los caminos de la prosperidad mundial 1aBuenos Aires :bEUDEBA (Editorial Universitaria de Buenos Aires)c1981 axv, 307 p.c22 cm. aPrimera Parte: EL DIAGNOSTICO: 1. Desigualdades. Adelanto tecnológico – 2. Fases y realidades del desarrollo económico – 3. Ocupación. Producción, consumo e intercambios. Inflación, endeudamiento - - Segunda Parte: EL MITO DE LAS RIQUEZAS NATURALES: 1. Riquezas del suelo y del subsuelo – 2. La energía – 3. Los hombres - - Tercera Parte: LOS OBSTACULOS AL DESARROLLO ECONOMICO: 1. Religiones e ideologías paralizantes – 2. Las sociedades conflictivas – 3. Las guerras y los gastos militares – 4. Las políticas antieconómicas – 5. El estado, mal administrador de la empresa – 6. La pérdida de sustancia de los países “pobres” en beneficio de los países desarrollados - - Cuarta Parte: LOS FACTORES DE LA PROSPERIDAD: 1. La ayuda pública al desarrollo – 2. Las empresas: su acción, su estructura colectiva, su rol transnacional – 3. La universalización industrial – 4. Las relaciones estado-empresas: bases del social capitalismo.  aspa1 aGiscard D´Estaing, Olivier